Transitorios electromagnéticos en los sistemas de potencia

Furkejuvvon:
Bibliográfalaš dieđut
Váldodahkki: Navarro Matarrita, Josimar, 1988-
Eará dahkkit: Mora Jiménez, Gonzalo, 1977- Director de Proyecto Eléctrico
Materiálatiipa: Girji
Giella:Spanish
Almmustuhtton: [San José, Costa Rica] 2012
Fáttát:
Fáddágilkorat: Lasit fáddágilkoriid
Eai fáddágilkorat, Lasit vuosttaš fáddágilkora!

MARC

LEADER 00000nam a22000007a 4500
003 011728
005 20230623150106.0
008 151001b2012 cr a|||| |||| 00| 0 spa d
040 |c cru CEDI  
100 |9 330  |a Navarro Matarrita, Josimar, 1988- 
245 |a Transitorios electromagnéticos en los sistemas de potencia  
260 |a [San José, Costa Rica]  |c 2012 
500 |a Proyecto de graduación (bachillerato en ingeniería eléctrica)--Universidad de Costa Rica. Facultad de Ingeniería. Escuela de Ingeniería Eléctrica 
501 |a Profesor Guía de IE-0502 Proyecto Eléctrico: Ing. Gonzalo Mora Jiménez 
650 |x CAMPOS ELECTROMAGNETICOS   |x COMPATIBILIDAD ELECTROMAGNETICA   |x ELECTROMAGNETISMO   |x INGENIERÍA ELÉCTRICA  |9 1257 
700 |a Mora Jiménez, Gonzalo, 1977-  |d Director de Proyecto Eléctrico  |9 731 
942 |c CEDI  |h TFG 6898  |6 TFG_6898_000000000000000 
999 |c 14047  |d 14047